|
|
|
|
| LEADER |
00000nam0a2200000 4500 |
| 001 |
257736 |
| 005 |
20231101233230.0 |
| 035 |
|
|
|a (RuTPU)RU\TPU\book\280553
|
| 090 |
|
|
|a 257736
|
| 100 |
|
|
|a 20140418d1971 k y0rusy50 ca
|
| 101 |
0 |
|
|a rus
|
| 102 |
|
|
|a RU
|
| 105 |
|
|
|a a z 001zy
|
| 200 |
1 |
|
|a Коррозия железобетонных конструкций зданий нефтехимической промышленности
|f А. Ф. Полак, В. Б. Ратинов, Г. Н. Гельфман
|
| 210 |
|
|
|a Москва
|c Стройиздат
|d 1971
|
| 215 |
|
|
|a 176 с.
|c ил.
|
| 320 |
|
|
|a Библиогр.: с. 170-174.
|
| 606 |
1 |
|
|a Железобетонные конструкции
|2 stltpush
|3 (RuTPU)RU\TPU\subj\10630
|9 37672
|
| 606 |
1 |
|
|a Нефтехимическая промышленность
|2 stltpush
|3 (RuTPU)RU\TPU\subj\33715
|9 55871
|
| 610 |
1 |
|
|a коррозия
|
| 610 |
1 |
|
|a кислые среды
|
| 610 |
1 |
|
|a диффузия
|
| 610 |
1 |
|
|a реакции
|
| 610 |
1 |
|
|a физико-химические процессы
|
| 610 |
1 |
|
|a кинетика
|
| 610 |
1 |
|
|a долговечность
|
| 610 |
1 |
|
|a защита
|
| 610 |
1 |
|
|a лакокрасочные покрытия
|
| 610 |
1 |
|
|a полимерные материалы
|
| 675 |
|
|
|a 665
|v 3
|
| 675 |
|
|
|a 624.012.4.056
|v 3
|
| 700 |
|
1 |
|a Полак
|b А. Ф.
|g Алексей Филиппович
|
| 701 |
|
1 |
|a Ратинов
|b В. Б.
|g Виктор Борисович
|
| 701 |
|
1 |
|a Гельфман
|b Г. Н.
|g Георгий Нисонович
|
| 801 |
|
1 |
|a RU
|b 63413507
|c 20140418
|
| 801 |
|
2 |
|a RU
|b 63413507
|c 20140522
|g RCR
|
| 942 |
|
|
|c BK
|